| 000 | 00265nam a22001217a 4500 | ||
|---|---|---|---|
| 999 |
_c23186 _d23186 |
||
| 003 | Nust | ||
| 005 | 20170515170639.0 | ||
| 008 | 170412b xxu||||| |||| 00| 0 eng d | ||
| 020 | _a0070601860 | ||
| 040 |
_aDLC _bDLC _cRCMS |
||
| 082 | _a621.382 HSU | ||
| 100 |
_aH P HSU _9769 |
||
| 245 | _aANALOG AND DIGITAL COMMUNICATIONS | ||
| 250 | _a2nd ed. | ||
| 260 |
_aINDIA _bSCHAUM'S OUTLINES _cc2003. |
||
| 538 | _iShelf # 15, Row # 4, Communication. | ||
| 942 |
_cBK _2ddc |
||